[Event "25. Copenhagen Open  (Politiken Cup)"]
[Site "Copenhagen"]
[Date "2003.07.17"]
[Round "4"]
[White "Jensen, Sren G"]
[Black "Hovmoller, Kristian"]
[Result "1/2-1/2"]
[WhiteElo "2123"]
[BlackElo "2302"]
[PlyCount "102"]
[EventDate "2003.07.14"]
[EventType "swiss"]
[EventRounds "11"]
[EventCountry "DEN"]
[SourceDate "2004.01.01"]

1. d4 Nf6 2. Nf3 e6 3. Bf4 c5 4. c3 Qb6 5. Qc1 cxd4 6. cxd4 Nc6 7. e3 d5 8. Nc3
Bd7 9. Bd3 Rc8 10. O-O Nb4 11. Be2 Be7 12. Qd2 O-O 13. Rfc1 Ne4 14. Nxe4 dxe4
15. Ne5 Bb5 16. a3 Nd5 17. Bxb5 Qxb5 18. Rxc8 Rxc8 19. Rc1 Rxc1+ 20. Qxc1 Nxf4
21. exf4 Qa5 22. Qc8+ Bd8 23. g3 Qc7 24. Qd7 Qxd7 25. Nxd7 b6 26. Kf1 Bc7 27.
Ne5 a6 28. Ke2 Kf8 29. Ke3 f5 30. f3 exf3 31. Nxf3 Ke7 32. b3 Kd6 33. a4 Kd5
34. Kd3 b5 35. axb5 axb5 36. Ne1 Bd6 37. Nc2 Kc6 38. Ne3 h6 39. d5+ Kd7 40.
dxe6+ Kxe6 41. Nc2 Kf6 42. Nd4 b4 43. Kc4 g5 44. Kd5 Bb8 45. fxg5+ hxg5 46. Nc6
f4 47. gxf4 Bxf4 48. Nxb4 Bxh2 49. Ke4 g4 50. Nd3 Kg5 51. Nf2 g3 1/2-1/2

[Event "25. Copenhagen Open  (Politiken Cup)"]
[Site "Copenhagen"]
[Date "2003.07.17"]
[Round "4"]
[White "Jessen, Simon Pind"]
[Black "Romsdal, Trond"]
[Result "1-0"]
[WhiteElo "2085"]
[BlackElo "2207"]
[PlyCount "165"]
[EventDate "2003.07.14"]
[EventType "swiss"]
[EventRounds "11"]
[EventCountry "DEN"]
[SourceDate "2004.01.01"]

1. d4 d5 2. c4 e6 3. Nc3 Nf6 4. cxd5 exd5 5. Bg5 Nbd7 6. e3 c6 7. Bd3 Bd6 8.
Qc2 h6 9. Bh4 O-O 10. Nge2 Re8 11. O-O Bxh2+ 12. Kxh2 Ng4+ 13. Kh3 Ndf6 14. Bf5
g5 15. Bg3 Ne4 16. Bxg4 Bxg4+ 17. Kh2 Bf5 18. Nxe4 Rxe4 19. Qd2 Qe7 20. Rae1
Re8 21. f3 Rxe3 22. Nc3 Re6 23. Rxe6 Bxe6 24. Re1 f6 25. Na4 Qf7 26. Nc5 Bc8
27. Rxe8+ Qxe8 28. Qe1 Qd8 29. Ne6 Qe7 30. Nc5 Qd8 31. Ne6 Qe7 32. Nc7 Kf7 33.
Qxe7+ Kxe7 34. Na8 b6 35. Nc7 h5 36. Kg1 h4 37. Bh2 Bf5 38. Na6 Bc8 39. Nb4 Kd7
40. Kf2 a5 41. Nd3 Ba6 42. Ke3 Bc4 43. b3 Bb5 44. a4 Ba6 45. Bg1 Ke6 46. Bh2
Kd7 47. Bb8 Kc8 48. Bd6 Kd7 49. Ba3 Ke6 50. b4 axb4 51. Bxb4 Bc4 52. Be1 Kd6
53. Bb4+ Ke6 54. f4 g4 55. Be1 g3 56. Nb2 Bb3 57. Bb4 Bc2 58. Ke2 Be4 59. Kf1
Bc2 60. Ke2 Be4 61. Kf1 Kf5 62. Bd6 Kg4 63. Nd1 Bd3+ 64. Kg1 Kf5 65. Nc3 Bc4
66. Kh1 Ke6 67. Bb4 Bd3 68. Kg1 Kf5 69. Bd6 Bc2 70. Bc7 Bb3 71. Bxb6 Kxf4 72.
a5 Bc4 73. Bd8 f5 74. Bxh4 Ke3 75. Bf6 f4 76. Na4 f3 77. gxf3 Kxf3 78. Nc5 Ke3
79. a6 Bxa6 80. Nxa6 Kd3 81. Kg2 Kc4 82. Kxg3 Kb5 83. Nc5 1-0

[Event "25. Copenhagen Open  (Politiken Cup)"]
[Site "Copenhagen"]
[Date "2003.07.17"]
[Round "4"]
[White "Jiretorn, Eva"]
[Black "Ottosen, Peder"]
[Result "1/2-1/2"]
[WhiteElo "2146"]
[BlackElo "1830"]
[PlyCount "105"]
[EventDate "2003.07.14"]
[EventType "swiss"]
[EventRounds "11"]
[EventCountry "DEN"]
[SourceDate "2004.01.01"]

1. d4 d5 2. c4 c6 3. Nf3 Nf6 4. Nc3 e6 5. e3 Nbd7 6. Qc2 Bd6 7. g4 Bb4 8. Bd2
O-O 9. g5 Bxc3 10. Bxc3 Ne4 11. Bd3 f5 12. h4 b6 13. cxd5 exd5 14. O-O-O Bb7
15. Kb1 Rc8 16. Rc1 Qe7 17. Ka1 c5 18. dxc5 Ndxc5 19. Rhf1 Nxd3 20. Qxd3 Nxc3
21. Rxc3 Qe4 22. Qxe4 fxe4 23. Rxc8 Bxc8 24. Ne5 Bh3 25. Rd1 Rxf2 26. b4 Be6
27. Nc6 Kf8 28. Re1 Rh2 29. a4 Bd7 30. Nxa7 Bxa4 31. Rf1+ Ke8 32. Nc8 b5 33.
Nd6+ Kd7 34. Nb7 Ke7 35. Nc5 Re2 36. Rf5 Kd6 37. Rf7 Rxe3 38. Rxg7 Rg3 39. Rxh7
e3 40. Kb2 e2 41. Rh6+ Kc7 42. Re6 Rg4 43. Kc3 Rxh4 44. Rxe2 Rg4 45. Re7+ Kd8
46. Rd7+ Ke8 47. Rxd5 Rc4+ 48. Kd3 Rxb4 49. g6 Rg4 50. Re5+ Kf8 51. Ne6+ Kg8
52. Rg5 Rxg5 53. Nxg5 1/2-1/2

[Event "25. Copenhagen Open  (Politiken Cup)"]
[Site "Copenhagen"]
[Date "2003.07.17"]
[Round "4"]
[White "Kallio, Heikki"]
[Black "Beliavsky, Alexander"]
[Result "1-0"]
[WhiteElo "2471"]
[BlackElo "2668"]
[PlyCount "71"]
[EventDate "2003.07.14"]
[EventType "swiss"]
[EventRounds "11"]
[EventCountry "DEN"]
[SourceDate "2004.01.01"]

1. e4 e5 2. Nf3 Nc6 3. Bc4 Nf6 4. d4 exd4 5. e5 d5 6. Bb5 Ne4 7. Nxd4 Bd7 8.
Bxc6 Bxc6 9. Nxc6 bxc6 10. Nd2 Qe7 11. Nf3 g6 12. O-O Bg7 13. c4 Qd7 14. Be3
O-O 15. Rc1 f5 16. Qa4 f4 17. Bd4 g5 18. e6 Qxe6 19. Bxg7 Kxg7 20. cxd5 cxd5
21. Rxc7+ Rf7 22. Rfc1 Raf8 23. Qxa7 g4 24. Qd4+ Kg8 25. Rxf7 Rxf7 26. Qe5 Qxe5
27. Nxe5 Rb7 28. f3 gxf3 29. gxf3 Ng5 30. h4 Ne6 31. Nd3 Kf7 32. Kf2 Kf8 33.
Rc6 Re7 34. Rd6 Kf7 35. Rxd5 Rc7 36. a4 1-0

[Event "25. Copenhagen Open  (Politiken Cup)"]
[Site "Copenhagen"]
[Date "2003.07.17"]
[Round "4"]
[White "Klitgaard, Thomas"]
[Black "Rendboe, John Filip"]
[Result "1/2-1/2"]
[WhiteElo "2098"]
[BlackElo "2239"]
[PlyCount "64"]
[EventDate "2003.07.14"]
[EventType "swiss"]
[EventRounds "11"]
[EventCountry "DEN"]
[SourceDate "2004.01.01"]

1. Nf3 d5 2. d4 Nf6 3. c4 e6 4. Nc3 Be7 5. Bg5 O-O 6. e3 h6 7. Bh4 b6 8. Rc1
Bb7 9. cxd5 exd5 10. Be2 Ne4 11. Bxe7 Qxe7 12. O-O c5 13. dxc5 Nxc3 14. Rxc3
bxc5 15. Qc2 Rc8 16. Rc1 Nd7 17. Bd3 g6 18. Bb5 a6 19. Bxd7 Qxd7 20. Qd3 Qe7
21. Nd2 a5 22. R3c2 Qf6 23. Nf3 Qb6 24. Qc3 Qb4 25. Ne5 d4 26. Qc4 Qxc4 27.
Nxc4 Rd8 28. exd4 cxd4 29. Rd2 Rac8 30. b3 Ba6 31. f3 a4 32. Kf2 axb3 1/2-1/2

[Event "25. Copenhagen Open  (Politiken Cup)"]
[Site "Copenhagen"]
[Date "2003.07.17"]
[Round "4"]
[White "Knudsen, Jes West"]
[Black "Johansson, Thomas"]
[Result "1-0"]
[WhiteElo "2015"]
[BlackElo "2231"]
[PlyCount "73"]
[EventDate "2003.07.14"]
[EventType "swiss"]
[EventRounds "11"]
[EventCountry "DEN"]
[SourceDate "2004.01.01"]

1. Nf3 f5 2. e4 fxe4 3. Ng5 e5 4. d3 Bb4+ 5. c3 Be7 6. h4 e3 7. Bxe3 d5 8. d4
e4 9. c4 c6 10. cxd5 cxd5 11. Nc3 Nf6 12. Bb5+ Nc6 13. Qa4 h6 14. Nh3 a6 15.
Nf4 Bd7 16. Bxc6 Bxc6 17. Qd1 Kf7 18. h5 Bd6 19. Ng6 Re8 20. g4 Qc8 21. Rg1 Bd7
22. g5 hxg5 23. Rxg5 Qc4 24. Qb3 Qxb3 25. axb3 Rad8 26. Kd2 Nh7 27. Rxd5 Be6
28. Rda5 Bxb3 29. Rg1 Bc7 30. Rf5+ Ke6 31. Nh4 Rd7 32. Rg6+ Nf6 33. h6 Rg8 34.
Nxe4 Bd8 35. Nxf6 Bxf6 36. Rfxf6+ gxf6 37. Rxg8 1-0

[Event "25. Copenhagen Open  (Politiken Cup)"]
[Site "Copenhagen"]
[Date "2003.07.17"]
[Round "4"]
[White "Kokholm, Daniel"]
[Black "Johansen, Anders Sten"]
[Result "1/2-1/2"]
[WhiteElo "2115"]
[BlackElo "1590"]
[PlyCount "61"]
[EventDate "2003.07.14"]
[EventType "swiss"]
[EventRounds "11"]
[EventCountry "DEN"]
[SourceDate "2004.01.01"]

1. e4 c5 2. Nf3 Nc6 3. d3 d6 4. g3 g6 5. Bg2 Bg7 6. c3 Rb8 7. O-O e5 8. Be3
Nge7 9. Qd2 O-O 10. Na3 b6 11. d4 Bg4 12. Nc2 Qc8 13. Nfe1 Bh3 14. Rd1 Bxg2 15.
Kxg2 f5 16. f3 fxe4 17. fxe4 Rxf1 18. Kxf1 Qh3+ 19. Kg1 Rf8 20. Qg2 Qg4 21. Rd2
cxd4 22. cxd4 d5 23. exd5 Nxd4 24. Nxd4 exd4 25. h3 Qc8 26. Bf4 Nf5 27. Nc2 Qc5
28. b4 Qc3 29. Kh2 Nh4 30. gxh4 Rxf4 31. Qe2 1/2-1/2

[Event "25. Copenhagen Open  (Politiken Cup)"]
[Site "Copenhagen"]
[Date "2003.07.17"]
[Round "4"]
[White "Koneru, Humpy"]
[Black "Hartung Nielsen, Jens"]
[Result "1-0"]
[WhiteElo "2468"]
[BlackElo "2233"]
[PlyCount "71"]
[EventDate "2003.07.14"]
[EventType "swiss"]
[EventRounds "11"]
[EventCountry "DEN"]
[SourceDate "2004.01.01"]

1. d4 d5 2. Nf3 e6 3. c4 c5 4. cxd5 exd5 5. Nc3 Nc6 6. g3 Nf6 7. Bg2 Be7 8. O-O
O-O 9. Bg5 cxd4 10. Nxd4 h6 11. Be3 Re8 12. Qa4 Bd7 13. Rad1 Na5 14. Qc2 Nc4
15. Bc1 Nb6 16. Qd3 Bb4 17. Ndb5 Bxc3 18. Nxc3 Qe7 19. b3 Bg4 20. Rfe1 Rad8 21.
Be3 Qd7 22. Bd4 Bf5 23. Qb5 Ne4 24. Qa5 Nxc3 25. Qxc3 Rc8 26. Qa1 f6 27. Bxb6
axb6 28. Rxd5 Qe6 29. Qd4 Rc2 30. a4 Qc8 31. h4 Rc1 32. Rxc1 Qxc1+ 33. Kh2 Qc2
34. Rd8 Rxd8 35. Qxd8+ Kh7 36. Qxb6 1-0

[Event "25. Copenhagen Open  (Politiken Cup)"]
[Site "Copenhagen"]
[Date "2003.07.17"]
[Round "4"]
[White "Kongsted, Halfdan Christian"]
[Black "Bering, Anders"]
[Result "1-0"]
[WhiteElo "2246"]
[BlackElo "2101"]
[PlyCount "43"]
[EventDate "2003.07.14"]
[EventType "swiss"]
[EventRounds "11"]
[EventCountry "DEN"]
[SourceDate "2004.01.01"]

1. Nf3 Nf6 2. d4 e6 3. c4 d5 4. e3 dxc4 5. Bxc4 a6 6. Bd3 b5 7. a4 b4 8. e4 c5
9. e5 Nd5 10. O-O cxd4 11. Bg5 Be7 12. Bxe7 Qxe7 13. Nbd2 Nc6 14. Rc1 Bb7 15.
Be4 Na5 16. Nxd4 Nf4 17. Qf3 Bxe4 18. Nxe4 Nd5 19. Nd6+ Kf8 20. Rc5 Nb7 21.
Nxb7 Qxb7 22. Nxe6+ 1-0

[Event "25. Copenhagen Open  (Politiken Cup)"]
[Site "Copenhagen"]
[Date "2003.07.17"]
[Round "4"]
[White "Larsen, Karsten"]
[Black "Schandorff, Lars"]
[Result "0-1"]
[WhiteElo "2282"]
[BlackElo "2525"]
[PlyCount "148"]
[EventDate "2003.07.14"]
[EventType "swiss"]
[EventRounds "11"]
[EventCountry "DEN"]
[SourceDate "2004.01.01"]

1. e4 c5 2. Nf3 Nc6 3. Bb5 g6 4. O-O Bg7 5. c3 Nf6 6. Re1 O-O 7. d4 d5 8. e5
Ne4 9. Nbd2 cxd4 10. Bxc6 Nxd2 11. Qxd2 dxc3 12. Qxd5 cxb2 13. Bxb2 bxc6 14.
Qxc6 Rb8 15. Ba3 Bb7 16. Qc3 Qd7 17. Rad1 Qe6 18. Nd4 Qxa2 19. Bxe7 Rfe8 20.
Bd6 Rbc8 21. Qg3 Rc4 22. Nf3 Qc2 23. Ra1 a6 24. h3 h6 25. Rab1 Bd5 26. Rb6 Ra8
27. Reb1 Kh7 28. R6b2 Qf5 29. Nd2 Rc2 30. Nf1 Rxb2 31. Rxb2 Be6 32. Qe3 Bc4 33.
Ng3 Qd3 34. Qc5 Be6 35. Qa5 Rc8 36. Qe1 Rc4 37. Rb1 a5 38. Rd1 Qc2 39. Nf1 Ra4
40. Ne3 Qe4 41. Qc3 Ra2 42. Ra1 Rxa1+ 43. Qxa1 a4 44. Qc3 h5 45. f3 Qb1+ 46.
Kf2 Bh6 47. h4 Bf4 48. Ba3 Qh1 49. Be7 Qh2 50. Qb4 Bxe5 51. Qxa4 Bg3+ 52. Ke2
Qg1 53. Qd4 Qe1+ 54. Kd3 Qb1+ 55. Ke2 Qe1+ 56. Kd3 Bf2 57. Qe4 Qb1+ 58. Ke2
Qe1+ 59. Kd3 Ba2 60. Nc2 Qf1+ 61. Kc3 Bg3 62. Bf6 Qa6 63. Qd4 Bb1 64. Kd2 Qf1
65. Kc3 Qxg2 66. Ne3 Be1+ 67. Kc4 Qe2+ 68. Kc5 Bf2 69. Bg5 Qa6 70. Kb4 Be1+ 71.
Kc5 Bf2 72. Kb4 Qb7+ 73. Kc5 Ba2 74. Qd6 Qxf3 0-1

[Event "25. Copenhagen Open  (Politiken Cup)"]
[Site "Copenhagen"]
[Date "2003.07.17"]
[Round "4"]
[White "Lauritsen, Martin Lee"]
[Black "Nielsen, Borge Hjerrild"]
[Result "0-1"]
[WhiteElo "1687"]
[BlackElo "2134"]
[PlyCount "116"]
[EventDate "2003.07.14"]
[EventType "swiss"]
[EventRounds "11"]
[EventCountry "DEN"]
[SourceDate "2004.01.01"]

1. e4 c6 2. d4 d5 3. Nc3 dxe4 4. Nxe4 Nd7 5. Ng5 e6 6. Bd3 Ngf6 7. N1f3 Bd6 8.
Qe2 h6 9. Ne4 Nxe4 10. Qxe4 Nf6 11. Qh4 Qc7 12. Bd2 c5 13. Bb5+ Bd7 14. Bxd7+
Qxd7 15. O-O c4 16. Rfe1 Qc7 17. Rad1 O-O-O 18. Ne5 Nd5 19. Qg4 g5 20. Qe2 Bxe5
21. Qxe5 Rhg8 22. c3 Rd7 23. b4 Qxe5 24. Rxe5 b5 25. Ra1 Kb7 26. a4 a6 27. a5
Ne7 28. Rae1 Rd5 29. Kf1 Kc7 30. Rxd5 Nxd5 31. Ke2 Kd7 32. g3 h5 33. h3 g4 34.
hxg4 hxg4 35. Rh1 Ke8 36. Rh5 Nf6 37. Rh6 Nd5 38. f3 gxf3+ 39. Kxf3 Ke7 40. g4
Nf6 41. g5 Nd5 42. Ke4 Nc7 43. Ke5 Nd5 44. Rh7 Nc7 45. Ke4 Nd5 46. Rh3 Nc7 47.
Rh5 Nd5 48. Rh7 Nc7 49. Be1 Nd5 50. Rh3 Kd6 51. Rf3 Ke7 52. Bd2 Rh8 53. Rg3 Rh2
54. g6 Rxd2 55. g7 Nf6+ 56. Ke3 Rd3+ 57. Kf4 Rxg3 58. Kxg3 Nh5+ 0-1

[Event "25. Copenhagen Open  (Politiken Cup)"]
[Site "Copenhagen"]
[Date "2003.07.17"]
[Round "4"]
[White "Liden, Jimmy"]
[Black "Grubert, Christian"]
[Result "0-1"]
[WhiteElo "1530"]
[BlackElo "2168"]
[PlyCount "94"]
[EventDate "2003.07.14"]
[EventType "swiss"]
[EventRounds "11"]
[EventCountry "DEN"]
[SourceDate "2004.01.01"]

1. Nf3 c5 2. c4 g6 3. g3 Bg7 4. Bg2 Nc6 5. O-O e5 6. e4 d6 7. d3 f5 8. Nc3 Nf6
9. Bg5 h6 10. Bxf6 Qxf6 11. Nd5 Qf7 12. Nh4 O-O 13. Bh3 Nd4 14. exf5 gxf5 15.
f4 Be6 16. fxe5 Bxd5 17. Bxf5 Bf3 18. Nxf3 Nxf5 19. Nh4 Qe6 20. Nxf5 Rxf5 21.
Rxf5 Qxf5 22. exd6 Bd4+ 23. Kg2 Rf8 24. Qe2 Qf2+ 25. Qxf2 Rxf2+ 26. Kh3 Kf7 27.
Re1 Bf6 28. d7 Rf3 29. d4 Be7 30. d5 Rf6 31. Re3 Rd6 32. Ra3 a6 33. Rb3 Rxd7
34. Rb6 Bf6 35. a3 Rc7 36. Kg4 Kg6 37. h4 h5+ 38. Kf3 Kf5 39. b3 Rg7 40. b4
cxb4 41. axb4 Be5 42. Rh6 Rxg3+ 43. Ke2 Ke4 44. Rxh5 Rg2+ 45. Kf1 Rc2 46. Rh7
Kf3 47. Rf7+ Bf4 0-1

[Event "25. Copenhagen Open  (Politiken Cup)"]
[Site "Copenhagen"]
[Date "2003.07.17"]
[Round "4"]
[White "Lie, Terje"]
[Black "Nielsen, Michael B"]
[Result "1-0"]
[WhiteElo "1000"]
[BlackElo "1327"]
[PlyCount "79"]
[EventDate "2003.07.14"]
[EventType "swiss"]
[EventRounds "11"]
[EventCountry "DEN"]
[SourceDate "2004.01.01"]

1. d4 Nf6 2. c4 e6 3. Nc3 Bb4 4. e3 b6 5. Qc2 Bb7 6. f3 O-O 7. a3 Bxc3+ 8. Qxc3
d5 9. Bd3 Nbd7 10. Ne2 Rc8 11. O-O c5 12. b3 cxd4 13. exd4 Ba6 14. Bb2 dxc4 15.
bxc4 Nd5 16. Qb3 N5f6 17. Rac1 Re8 18. Rfe1 e5 19. Ng3 exd4 20. Rxe8+ Qxe8 21.
Bxd4 Nc5 22. Qc2 Nxd3 23. Qxd3 Qe6 24. Bxf6 gxf6 25. Kf2 Bxc4 26. Qe3 Qxe3+ 27.
Kxe3 Be6 28. Rxc8+ Bxc8 29. Ne4 Kg7 30. Kd4 Be6 31. Nc3 Kf8 32. Nb5 a6 33. Nc7
a5 34. Nd5 b5 35. Nxf6 b4 36. axb4 axb4 37. Nxh7+ Kg7 38. Ng5 Ba2 39. Ne4 b3
40. Kc3 1-0

[Event "25. Copenhagen Open  (Politiken Cup)"]
[Site "Copenhagen"]
[Date "2003.07.17"]
[Round "4"]
[White "Lilja, Richard"]
[Black "Greger, Roland Reinhard"]
[Result "0-1"]
[WhiteElo "2137"]
[BlackElo "2342"]
[PlyCount "73"]
[EventDate "2003.07.14"]
[EventType "swiss"]
[EventRounds "11"]
[EventCountry "DEN"]
[SourceDate "2004.01.01"]

1. e4 e5 2. Nc3 Nf6 3. Nf3 d6 4. d4 exd4 5. Nxd4 g6 6. Bg5 Bg7 7. Nd5 c6 8.
Nxf6+ Bxf6 9. Bxf6 Qxf6 10. c3 Nd7 11. Bd3 O-O 12. O-O a6 13. f4 c5 14. Ne2 b5
15. Qd2 Nb6 16. Rad1 Bb7 17. Ng3 Rfe8 18. f5 Qh4 19. Rf4 Qh6 20. fxg6 fxg6 21.
Nf5 Qf8 22. Bxb5 gxf5 23. Bxe8 Rxe8 24. Rxf5 Qe7 25. Qh6 Nc4 26. Rdf1 Ne5 27.
Rf6 Bxe4 28. Qg5+ Bg6 29. h4 Nf7 30. Rxf7 Qxg5 31. hxg5 Bxf7 32. Rf6 Re6 33.
Rf4 d5 34. Kf2 Bg6 35. b3 Be4 36. g4 a5 37. Kg3 0-1

[Event "25. Copenhagen Open  (Politiken Cup)"]
[Site "Copenhagen"]
[Date "2003.07.17"]
[Round "4"]
[White "Lisdorf, Bjorn"]
[Black "Draeger, Michael"]
[Result "0-1"]
[WhiteElo "1398"]
[BlackElo "1702"]
[PlyCount "232"]
[EventDate "2003.07.14"]
[EventType "swiss"]
[EventRounds "11"]
[EventCountry "DEN"]
[SourceDate "2004.01.01"]

1. e4 c5 2. d4 cxd4 3. c3 d5 4. exd5 Qxd5 5. cxd4 Nc6 6. Nc3 Qxd4 7. Be3 Qxd1+
8. Rxd1 Be6 9. Nb5 Rc8 10. Bf4 Bxa2 11. Nc7+ Rxc7 12. Bxc7 e5 13. Bb5 Bb4+ 14.
Ke2 Ke7 15. Bxc6 Bc4+ 16. Ke3 bxc6 17. Rd8 f6 18. f3 h5 19. Nh3 Rh6 20. Rhd1
Bc5+ 21. Kd2 Bb6 22. Bxb6 axb6 23. Kc3 Be6 24. Nf2 Rg6 25. g3 Nh6 26. R8d6 Bd5
27. Ne4 Nf7 28. R6xd5 cxd5 29. Rxd5 f5 30. Nd2 Rc6+ 31. Kb3 Ke6 32. Rb5 Nd6 33.
Rb4 g5 34. g4 h4 35. gxf5+ Kxf5 36. Nf1 Ke6 37. Ne3 Nf5 38. Nc2 Rd6 39. Kc3 Ne7
40. Re4 Nd5+ 41. Kc4 Rc6+ 42. Kb3 Kf5 43. Ne1 Nf6 44. Rb4 Rd6 45. h3 Rd1 46.
Nc2 Rd3+ 47. Ka4 Rxf3 48. Rxb6 Rxh3 49. b4 Nd5 50. Rb8 Nxb4 51. Nxb4 Ke4 52.
Nc6 Kd5 53. Ne7+ Ke6 54. Nc6 Kd6 55. Nb4 Rg3 56. Nc2 h3 57. Rh8 Rg4+ 58. Kb3
Rh4 59. Rd8+ Ke7 60. Rd1 h2 61. Rh1 Rh3+ 62. Kb2 g4 63. Ne1 Re3 64. Rxh2 Rxe1
65. Rg2 Re4 66. Kc3 Kf6 67. Kd3 Rd4+ 68. Ke3 Kf5 69. Rh2 Rf4 70. Rh5+ Kf6 71.
Rh6+ Kg5 72. Rh8 Rf3+ 73. Ke4 Rh3 74. Rg8+ Kh4 75. Kxe5 Re3+ 76. Kf4 Rf3+ 77.
Ke4 Kg3 78. Rg7 Rf1 79. Ke3 Kh3 80. Ke2 Rf8 81. Rh7+ Kg2 82. Rg7 g3 83. Rg6
Rf2+ 84. Ke1 Kh2 85. Rh6+ Kg1 86. Rg6 g2 87. Rg8 Rf1+ 88. Ke2 Rf5 89. Re8 Rh5
90. Rg8 Kh1 91. Kf2 Rh2 92. Kf3 g1=Q 93. Rxg1+ Kxg1 94. Ke4 Rh7 95. Kd5 Kf2 96.
Ke4 Ke2 97. Kd4 Rh3 98. Ke4 Rh4+ 99. Ke5 Kf3 100. Kd5 Ke3 101. Kc5 Kd3 102. Kb5
Kc3 103. Kc5 Rh5+ 104. Kd6 Kc4 105. Ke6 Kd4 106. Kf6 Ke4 107. Kg6 Ra5 108. Kf6
Rb5 109. Ke6 Rb6+ 110. Ke7 Kd5 111. Kd7 Rb7+ 112. Kc8 Rh7 113. Kd8 Ke6 114. Kc8
Kd6 115. Kb8 Kc6 116. Ka8 Kb6 0-1

[Event "25. Copenhagen Open  (Politiken Cup)"]
[Site "Copenhagen"]
[Date "2003.07.17"]
[Round "4"]
[White "Lonborg, Morten"]
[Black "Riis, Jens"]
[Result "1/2-1/2"]
[WhiteElo "2185"]
[BlackElo "2067"]
[PlyCount "113"]
[EventDate "2003.07.14"]
[EventType "swiss"]
[EventRounds "11"]
[EventCountry "DEN"]
[SourceDate "2004.01.01"]

1. d4 c6 2. c4 Nf6 3. Nc3 d5 4. Nf3 a6 5. e3 g6 6. Bd3 Bg7 7. h3 O-O 8. O-O
Nbd7 9. b4 a5 10. b5 dxc4 11. Bxc4 Nb6 12. Bd3 Nfd5 13. Nxd5 cxd5 14. Ba3 Re8
15. Rc1 Bf5 16. Bxf5 gxf5 17. Qd3 e6 18. g4 fxg4 19. hxg4 Nc4 20. Kg2 Qf6 21.
Nd2 Nxa3 22. Qxa3 h5 23. f3 e5 24. dxe5 Qxe5 25. gxh5 Qg5+ 26. Kf2 d4 27. Ne4
dxe3+ 28. Qxe3 Qxe3+ 29. Kxe3 Bh6+ 30. Kf2 Bxc1 31. Nf6+ Kg7 32. Nxe8+ Rxe8 33.
Rxc1 Re5 34. a4 Rxh5 35. Ke3 Kf6 36. Rc7 Rh4 37. f4 Rh3+ 38. Kd4 Ra3 39. Rc4 b6
40. Kd5 Rb3 41. Rc6+ Kf5 42. Rxb6 Rb4 43. Rc6 Rxa4 44. Rc4 Ra1 45. b6 a4 46.
Rb4 a3 47. b7 a2 48. b8=Q Rd1+ 49. Kc5 Rc1+ 50. Kd6 a1=Q 51. Qb5+ Kg6 52. Qg5+
Kh7 53. Qh5+ Kg7 54. Qe5+ Qxe5+ 55. fxe5 Rg1 56. Rf4 Rg6+ 57. Kd5 1/2-1/2

[Event "25. Copenhagen Open  (Politiken Cup)"]
[Site "Copenhagen"]
[Date "2003.07.17"]
[Round "4"]
[White "Madsen, Gert Medom"]
[Black "Brondum, Jan Kraul"]
[Result "1-0"]
[WhiteElo "1734"]
[BlackElo "1569"]
[PlyCount "45"]
[EventDate "2003.07.14"]
[EventType "swiss"]
[EventRounds "11"]
[EventCountry "DEN"]
[SourceDate "2004.01.01"]

1. d4 d5 2. Nf3 Nf6 3. c4 c6 4. cxd5 cxd5 5. Nc3 g6 6. Bf4 Bg7 7. Qd2 Bf5 8.
Rc1 a6 9. Ne5 Nbd7 10. Nxd7 Qxd7 11. f3 O-O 12. Bh6 Rfe8 13. Bxg7 Kxg7 14. g4
Be6 15. h4 Qd6 16. Kd1 Bd7 17. h5 e5 18. hxg6 fxg6 19. Qh6+ Kf7 20. g5 exd4 21.
gxf6 dxc3 22. Qg7+ Ke6 23. Bh3+ 1-0

[Event "25. Copenhagen Open  (Politiken Cup)"]
[Site "Copenhagen"]
[Date "2003.07.17"]
[Round "4"]
[White "Malmdin, Nils Ake"]
[Black "Henrichsen, Jens"]
[Result "1/2-1/2"]
[WhiteElo "2190"]
[BlackElo "2076"]
[PlyCount "34"]
[EventDate "2003.07.14"]
[EventType "swiss"]
[EventRounds "11"]
[EventCountry "DEN"]
[SourceDate "2004.01.01"]

1. e4 c5 2. Nf3 e6 3. d4 cxd4 4. Nxd4 Nf6 5. Nc3 d6 6. Bc4 a6 7. Bb3 b5 8. O-O
Be7 9. Qf3 Qc7 10. Re1 O-O 11. Qg3 Kh8 12. Bg5 b4 13. Nd1 Nc6 14. c3 Nxd4 15.
cxd4 Bb7 16. Qh4 Ng8 17. Bxe7 Nxe7 1/2-1/2

[Event "25. Copenhagen Open  (Politiken Cup)"]
[Site "Copenhagen"]
[Date "2003.07.17"]
[Round "4"]
[White "Marder, Simon"]
[Black "Harstad, Christian"]
[Result "1-0"]
[WhiteElo "2067"]
[BlackElo "1714"]
[PlyCount "41"]
[EventDate "2003.07.14"]
[EventType "swiss"]
[EventRounds "11"]
[EventCountry "DEN"]
[SourceDate "2004.01.01"]

1. d4 Nf6 2. Bg5 Ne4 3. Bf4 c5 4. d5 Qb6 5. Nd2 Qxb2 6. Nxe4 Qb4+ 7. Qd2 Qxe4
8. Nf3 g6 9. Be5 f6 10. Bb2 Bg7 11. e3 c4 12. O-O-O b5 13. h4 O-O 14. Qa5 Ba6
15. Be2 e5 16. Nd2 Qxg2 17. Rdf1 c3 18. Bxc3 e4 19. Bb4 Re8 20. Bd6 Re5 21.
Qd8+ 1-0

[Event "25. Copenhagen Open  (Politiken Cup)"]
[Site "Copenhagen"]
[Date "2003.07.17"]
[Round "4"]
[White "McShane, Rod"]
[Black "Pettersson, Daniel"]
[Result "0-1"]
[WhiteElo "1500"]
[BlackElo "1850"]
[PlyCount "72"]
[EventDate "2003.07.14"]
[EventType "swiss"]
[EventRounds "11"]
[EventCountry "DEN"]
[SourceDate "2004.01.01"]

1. e4 e6 2. b3 d5 3. exd5 exd5 4. Bb2 Nf6 5. g3 Be7 6. Bg2 O-O 7. Ne2 c6 8. d3
Bf5 9. O-O Re8 10. Nd2 Nbd7 11. Nf3 Qb6 12. Nfd4 Bg4 13. h3 Bh5 14. Nf3 Bd6 15.
Kh1 c5 16. Qd2 d4 17. Nf4 Qc7 18. Nxh5 Nxh5 19. Qg5 Ndf6 20. Rae1 Bf4 21. gxf4
Nxf4 22. Rxe8+ Rxe8 23. Qg3 Re2 24. Ne1 N6h5 25. Qf3 Qa5 26. Qxb7 g6 27. Qb8+
Kg7 28. Nf3 Qxa2 29. Bc1 Nxg2 30. Kxg2 Qxc2 31. Bg5 Qxd3 32. Ne5 Qf5 33. Bh6+
Kxh6 34. Qf8+ Kg5 35. Nxf7+ Kh4 36. Qd8+ Qf6 0-1

[Event "25. Copenhagen Open  (Politiken Cup)"]
[Site "Copenhagen"]
[Date "2003.07.17"]
[Round "4"]
[White "Mikkelsen, Nikolaj"]
[Black "Royset, Paal"]
[Result "1-0"]
[WhiteElo "2104"]
[BlackElo "2252"]
[PlyCount "95"]
[EventDate "2003.07.14"]
[EventType "swiss"]
[EventRounds "11"]
[EventCountry "DEN"]
[SourceDate "2004.01.01"]

1. e4 c5 2. Nf3 Nf6 3. e5 Nd5 4. Nc3 Nxc3 5. dxc3 e6 6. Bf4 Be7 7. Bd3 Nc6 8.
Qe2 d5 9. exd6 Bxd6 10. Bxd6 Qxd6 11. Rd1 h6 12. Bb5 Qc7 13. Qe5 Qxe5+ 14. Nxe5
Ke7 15. Bxc6 bxc6 16. c4 Kf6 17. Nd3 Rd8 18. Nxc5 Rxd1+ 19. Kxd1 Ke5 20. b3 Kd6
21. Ne4+ Ke5 22. Re1 f5 23. Nc5+ Kd6 24. Nd3 Bd7 25. Re5 g5 26. Ke2 Be8 27. Ra5
Kc7 28. Ra6 Kd6 29. Ra5 Bd7 30. Ke3 Kc7 31. Ne5 Be8 32. c5 Kb7 33. Nc4 Bd7 34.
Nd6+ Kc7 35. Kd4 Kd8 36. Ke5 Ke7 37. Ra6 f4 38. f3 h5 39. h3 g4 40. hxg4 hxg4
41. Kxf4 gxf3 42. gxf3 Rf8+ 43. Ke4 Ra8 44. b4 Kd8 45. Ke5 Kc7 46. f4 Kb8 47.
Kf6 Kc7 48. Ke7 1-0

[Event "25. Copenhagen Open  (Politiken Cup)"]
[Site "Copenhagen"]
[Date "2003.07.17"]
[Round "4"]
[White "Naes, Flovin Tor"]
[Black "Korolev, Nikolaj"]
[Result "1-0"]
[WhiteElo "2330"]
[BlackElo "2117"]
[PlyCount "79"]
[EventDate "2003.07.14"]
[EventType "swiss"]
[EventRounds "11"]
[EventCountry "DEN"]
[SourceDate "2004.01.01"]

1. c4 e5 2. Nc3 Nc6 3. g3 g6 4. Bg2 Bg7 5. Nf3 f5 6. d3 Nf6 7. O-O O-O 8. Rb1
a5 9. a3 d6 10. b4 axb4 11. axb4 h6 12. Qc2 g5 13. b5 Ne7 14. c5 g4 15. cxd6
cxd6 16. Qb3+ Kh7 17. Nd2 Nd7 18. Qb4 Nc5 19. Nc4 Rb8 20. b6 f4 21. Nxd6 f3 22.
Qxc5 fxg2 23. Kxg2 Bd7 24. Qc7 Bc6+ 25. Kg1 Rf6 26. Qxd8 Rxd8 27. Nde4 Rf7 28.
Bd2 Nf5 29. Rfc1 Nd4 30. Kf1 Bf8 31. Na2 Kg6 32. Nb4 Ba4 33. Be3 Nf5 34. Bc5 h5
35. Bxf8 Rdxf8 36. Rc5 h4 37. gxh4 Nxh4 38. Rxe5 Nf5 39. Rc1 Rh8 40. Rc7 1-0